000 00720nam a2200253Ia 4500
003 OSt
005 20220928120540.0
006 a|||||r|||| 00| 0
007 ta
008 220927b |||||||| |||| 00| 0 eng d
020 _cUKP 54.99
024 _a143641
037 _b86, 09/03/2020, Excel Book International
_cTextual
040 _aSDCL
_cSDCL
_beng
041 _2eng
_aeng
082 _aL72(B3), Q9
100 _aChung Moo K.
_9449903
245 0 _aBrain network analysis
260 _aNew Delhi
_bCUP
_c2019
300 _axii,329p.
_ccm.
650 _aBiophysics
942 _hL72(B3), Q9
_cTEXL
_2CC
999 _c764216
_d764216